ARRUPE JESUIT UNIVERSITY

CORONAVIRUS -STOP THE SPREAD - CLEAN,DISINFECT,COVER

Man the tool-maker. (Record no. 128840)

MARC details
000 -LEADER
fixed length control field 00798cam a22002651 4500
001 - CONTROL NUMBER
control field 10295914
003 - CONTROL NUMBER IDENTIFIER
control field ARRUPE
005 - DATE AND TIME OF LATEST TRANSACTION
control field 20190129102438.0
008 - FIXED-LENGTH DATA ELEMENTS--GENERAL INFORMATION
fixed length control field 770222s1958 enka 000 0 eng
010 ## - LIBRARY OF CONGRESS CONTROL NUMBER
LC control number 59052672
035 ## - SYSTEM CONTROL NUMBER
System control number (OCoLC)2754435
040 ## - CATALOGING SOURCE
Original cataloging agency DLC
Transcribing agency NAlfC
Modifying agency DLC
042 ## - AUTHENTICATION CODE
Authentication code premarc
050 00 - LIBRARY OF CONGRESS CALL NUMBER
Classification number SPC. GN799.T4
Item number O2 1958
082 ## - DEWEY DECIMAL CLASSIFICATION NUMBER
Classification number 571
300 ## - PHYSICAL DESCRIPTION
Other physical details illus.
Dimensions 22 cm.
100 1# - MAIN ENTRY--PERSONAL NAME
Personal name Oakley, Kenneth Page,
Dates associated with a name 1911-
9 (RLIN) 44232
245 10 - TITLE STATEMENT
Title Man the tool-maker.
Statement of responsibility, etc Kenneth P. Oakley
250 ## - EDITION STATEMENT
Edition statement 4th ed.
260 ## - PUBLICATION, DISTRIBUTION, ETC. (IMPRINT)
Place of publication, distribution, etc London,
Name of publisher, distributor, etc Printed by order of the Trustees of the British Museum,
Date of publication, distribution, etc 1958.
300 ## - PHYSICAL DESCRIPTION
Extent 98 p.
650 #0 - SUBJECT ADDED ENTRY--TOPICAL TERM
Topical term or geographic name as entry element Tools
General subdivision History
9 (RLIN) 44233
650 #0 - SUBJECT ADDED ENTRY--TOPICAL TERM
Topical term or geographic name as entry element Implements, utensils, etc.
9 (RLIN) 44234
906 ## - LOCAL DATA ELEMENT F, LDF (RLIN)
a 7
b cbc
c oclcrpl
d u
e ncip
f 19
g y-gencatlg
942 ## - ADDED ENTRY ELEMENTS (KOHA)
Source of classification or shelving scheme Library of Congress Classification
Koha item type SPC
Holdings
Withdrawn status Lost status Source of classification or shelving scheme Damaged status Not for loan Collection code Home library Current library Shelving location Date acquired Total Checkouts Full call number Barcode Date last seen Price effective from Koha item type
    Library of Congress Classification     SPECIAL Collection ARRUPE LIBRARY ARRUPE LIBRARY REFERENCE 29/01/2019   SPC. GN799.T4 O2 1958 46600003502 29/01/2019 29/01/2019 SPC

 

Arrupe Library. PO Box MP320 Mt Pleasant, Harare, Zimbabwe
263 242 745411|librarian@aju.ac.zw